[Event "SLO-chT2 East"]
[Site "Slovenia"]
[Date "2013.10.26"]
[Round "5"]
[White "Kukovec, Darko"]
[Black "Laposi, Andrej"]
[Result "1-0"]
[WhiteElo "1764"]
[BlackElo "1777"]
[PlyCount "63"]
[EventDate "2013.09.07"]
[EventType "team-tourn"]
[EventRounds "9"]
[EventCountry "SLO"]
[SourceTitle "EXT 2015"]
[Source "ChessBase"]
[SourceDate "2014.11.20"]
[SourceVersion "1"]
[SourceVersionDate "2014.11.20"]
[SourceQuality "1"]

1. e4 c5 2. Nf3 d6 3. h3 Nf6 4. Nc3 a6 5. a4 Nc6 6. Bc4 e6 7. d3 Be7 8. 0-0 0-0 9. Bf4 d5 10. Ba2 d4 11. Ne2 b5 12. c3 Bb7 13. Bb3 Qb6 14. cxd4 Nxd4 15. Nexd4 cxd4 16. Be5 Bc5 17. axb5 Nd7 18. bxa6 Rxa6 19. Rb1 Bd6 20. Bxd4 Qc7 21. Bc4 Raa8 22. Qe2 Nb6 23. Bb3 Rac8 24. Ng5 e5 25. Bc3 h6 26. Nf3 Kh8 27. Nh4 Nd7 28. Nf5 Nf6 29. Qd2 Kh7 30. Nxd6 Qxd6 31. Bb4 Nxe4 32. dxe4 1-0

[Event "SLO-chT2 East"]
[Site "Brezice Maribor"]
[Date "2008.05.24"]
[Round "1"]
[White "Kukovec, Darko"]
[Black "Belsak, Zan"]
[Result "0-1"]
[WhiteElo "1791"]
[BlackElo "1732"]
[PlyCount "68"]
[EventDate "2008.10.24"]
[EventType "team-tourn"]
[EventRounds "9"]
[EventCountry "SLO"]
[SourceTitle "EXT 2010"]
[Source "ChessBase"]
[SourceDate "2010.11.25"]
[SourceVersion "1"]
[SourceVersionDate "2010.11.25"]
[SourceQuality "1"]

1. e4 e5 2. Bc4 Nc6 3. a3 Nf6 4. Nc3 Bc5 5. Nf3 d6 6. h3 Be6 7. Bxe6 fxe6 8. d3 Qd7 9. Na4 Bb6 10. Nxb6 axb6 11. Be3 0-0 12. 0-0 h6 13. c3 Qf7 14. Qc2 Qg6 15. b4 Nh5 16. Kh2 Nf4 17. g3 Nxd3 18. Qxd3 Rxf3 19. Kg2 Raf8 20. c4 Nd4 21. Rad1 Kh8 22. Qb1 Ne2 23. g4 Nc3 24. Qd3 Nxd1 25. Rxd1 Qf6 26. Qe2 Qh4 27. Rh1 Kg8 28. c5 bxc5 29. bxc5 d5 30. Qxf3 Rxf3 31. Kxf3 h5 32. Rg1 Qxh3+ 33. Rg3 Qh1+ 34. Ke2 h4 0-1

[Event "SLO-chT2 East"]
[Site "Brezice Maribor"]
[Date "2007.09.08"]
[Round "6"]
[White "Kukovec, Darko"]
[Black "Pranjic, Mitja"]
[Result "1/2-1/2"]
[WhiteElo "1805"]
[BlackElo "1738"]
[PlyCount "45"]
[EventDate "2007.05.26"]
[EventType "team-tourn"]
[EventRounds "9"]
[EventCountry "SLO"]
[SourceTitle "EXT 2010"]
[Source "ChessBase"]
[SourceDate "2010.11.25"]
[SourceVersion "1"]
[SourceVersionDate "2010.11.25"]
[SourceQuality "1"]

1. e4 e5 2. Bc4 Nf6 3. d3 Nc6 4. a3 Bc5 5. h3 0-0 6. Nf3 d6 7. 0-0 h6 8. b4 Bb6 9. c3 Qe7 10. a4 a6 11. Be3 Bxe3 12. fxe3 Be6 13. Qb3 Bxc4 14. Qxc4 Nd8 15. Nbd2 Nh5 16. d4 Nf6 17. Rae1 Rc8 18. Qb3 c5 19. bxc5 exd4 20. exd4 dxc5 21. Ne5 cxd4 22. cxd4 Qc7 23. Ndf3 1/2-1/2

[Event "SLO-chT2 East"]
[Site "Velenje"]
[Date "2006.09.18"]
[Round "5"]
[White "Kukovec, Darko"]
[Black "Ocepek, Martin"]
[Result "0-1"]
[WhiteElo "1823"]
[BlackElo "1955"]
[PlyCount "102"]
[EventDate "2006.05.21"]
[EventType "team"]
[EventRounds "9"]
[EventCountry "SLO"]
[SourceTitle "EXT 2008"]
[Source "ChessBase"]
[SourceDate "2007.11.25"]
[SourceVersion "1"]
[SourceVersionDate "2007.11.25"]
[SourceQuality "1"]

1. e4 e6 2. d4 d5 3. e5 c5 4. c3 Qb6 5. Nf3 Nc6 6. Be2 Nge7 7. 0-0 cxd4 8. cxd4 Nf5 9. Be3 Qxb2 10. Nbd2 Qc3 11. Rc1 Nxe3 12. Rxc3 Nxd1 13. Rxd1 Bb4 14. Rc2 Bd7 15. Rb2 Bxd2 16. Rdxd2 Na5 17. Rdc2 Ke7 18. Bb5 Bxb5 19. Rxb5 Rhc8 20. Rxc8 Rxc8 21. h3 b6 22. Rb2 Rc1+ 23. Kh2 h6 24. g4 Rd1 25. Kg2 Nc6 26. Rc2 Kd7 27. g5 Nxd4 28. Nxd4 Rxd4 29. gxh6 gxh6 30. Kg3 b5 31. f4 Rd3+ 32. Kg4 h5+ 33. Kh4 b4 34. Rh2 Rf3 35. Kxh5 Rxf4 36. Kg5 Rf5+ 37. Kh6 a5 38. h4 Rxe5 39. Kg7 Ke7 40. Rf2 Rh5 41. Rxf7+ Kd6 42. Rf4 e5 43. Rg4 d4 44. Kg6 Rh8 45. Kg7 Rc8 46. h5 d3 47. Rg2 Rc2 48. Rg3 e4 49. Rh3 d2 50. h6 d1Q 51. h7 Qg4+ 0-1

[Event "SLO-chT2 East"]
[Site "Velenje"]
[Date "2005.10.28"]
[Round "6"]
[White "Kukovec, Darko"]
[Black "Hari, Bogdan"]
[Result "1/2-1/2"]
[WhiteElo "1786"]
[BlackElo "2097"]
[PlyCount "44"]
[EventDate "2005.05.27"]
[EventType "team"]
[EventRounds "9"]
[EventCountry "SLO"]
[SourceTitle "EXT 2009"]
[Source "ChessBase"]
[SourceDate "2008.11.26"]
[SourceVersion "1"]
[SourceVersionDate "2008.11.26"]
[SourceQuality "1"]

1. e4 d6 2. Bc4 Nf6 3. Nc3 g6 4. d3 Bg7 5. Nge2 0-0 6. 0-0 c6 7. a3 b5 8. Ba2 Bb7 9. d4 a5 10. Ng3 b4 11. axb4 axb4 12. Nce2 c5 13. dxc5 dxc5 14. Qxd8 Rxd8 15. Be3 Nbd7 16. f3 h5 17. Rfd1 Ne8 18. c3 Ba6 19. Bd5 Ra7 20. Bc4 Bxc4 21. Rxa7 Nd6 22. cxb4 cxb4 1/2-1/2